000
00323nam a22001457a 4500
003
SGT
082
_a
615.19
_b
Q14M
100
_a
MENDHAM,J
245
_a
TEXT BOOK OF QUALITATIVE CHEMICAL ANALYSIS
250
_a
6TH
260
_a
DELHI
_b
PEARSON
_c
2014
300
_a
790
650
_a
CHEMICAL ANALYSIS
942
_2
ddc
_c
BK
_0
13
999
_c
8768
_d
8768